000
00294nam a22001337a 4500
008
181105b xxu||||| |||| 00| 0 eng d
020
_a
800759241385
041
_a
eng
080
_a
611
100
_a
56
101
_a
ANA
245
_a
Human Anatomy Coloring Book
_c
Matt.M
942
_2
udc
_c
BK
999
_c
51869
_d
51869